Cargando...
The Parji Language; A Dravidian Language of Bastar
| Autor Principal: | |
|---|---|
| Formato: | Printed Book |
| Publicado: |
Hertford;
Stephen ltd;
1953
|
| Subjects: |
| LEADER | 00498nam a22001337a 4500 | ||
|---|---|---|---|
| 082 | |a 410 |b BUR/T J3 | ||
| 100 | |a Burrow T & Bhattacharya S |9 296493 | ||
| 245 | |a The Parji Language; |b A Dravidian Language of Bastar | ||
| 260 | |a Hertford; |b Stephen ltd; |c 1953 | ||
| 300 | |a 197p. | ||
| 650 | |a Language/ Lingustics; |9 296494 | ||
| 942 | |c BK | ||
| 999 | |c 60862 |d 60862 | ||
| 952 | |0 0 |1 0 |4 0 |6 410_000000000000000_BUR_T_J3 |7 0 |8 EnglishL |9 73126 |a MAL |b MAL |d 2016-09-09 |e 5225 |l 0 |o 410 BUR/T J3 |p MAL005225 |r 2016-09-09 |t 1 |w 2016-09-09 |y BK | ||